Zmena stratégie politiky trhu práce na Slovensku je nevyhnutná

Skúsenosti ukazujú, že najefektívnejšie pôsobí aktívna politika trhu práce, keď je súčasťou hospodárskej politiky. Problémy Slovenska spôsobujúce vysokú mieru nezamestnanosti. Potrebná je nová stratégia riešenia nezamestnanosti. Zmeny nutné k zlepšeniu situácie.

Guardado en:
Detalles Bibliográficos
Autor principal: Buchta, Stanislav
Formato: Capítulo de libro
Lenguaje:eslovaco
Materias:
Etiquetas: Agregar Etiqueta
Sin Etiquetas, Sea el primero en etiquetar este registro!

MARC

LEADER 00000naa a2200000 4500
001 r035642
005 20230824101848.5
041 0 |a slo 
044 |a SK 
245 1 0 |a Zmena stratégie politiky trhu práce na Slovensku je nevyhnutná  |c Stanislav Buchta 
520 |a Skúsenosti ukazujú, že najefektívnejšie pôsobí aktívna politika trhu práce, keď je súčasťou hospodárskej politiky. Problémy Slovenska spôsobujúce vysokú mieru nezamestnanosti. Potrebná je nová stratégia riešenia nezamestnanosti. Zmeny nutné k zlepšeniu situácie. 
610 2 0 |a nezamestnanosť 
610 2 0 |a politika zamestnanosti 
610 2 0 |a trh práce 
610 2 0 |a zmeny štruktúrne 
610 2 0 |a politika hospodárska 
610 2 0 |a Slovensko 
100 1 |a Buchta, Stanislav